[Event "Kalyan op 2nd"]
[Site "Kalyan"]
[Date "2019.01.31"]
[Round "4"]
[White "Divekar, Prathamesh"]
[Black "Joshi, Nikhil"]
[Result "0-1"]
[WhiteElo "1327"]
[BlackElo "1577"]
[PlyCount "126"]
[EventDate "2019.01.29"]
[EventType "swiss"]
[EventRounds "10"]
[EventCountry "IND"]
[SourceTitle "CBM 188 Extra"]
[Source "ChessBase"]
[SourceDate "2019.02.26"]
[SourceVersion "1"]
[SourceVersionDate "2019.02.26"]
[SourceQuality "1"]

1. e4 c5 2. Nf3 d6 3. d4 cxd4 4. Nxd4 Nf6 5. Nc3 Nc6 6. Be2 e6 7. Be3 Be7 8. 0-0 a6 9. f4 Qc7 10. f5 Ne5 11. Bg5 0-0 12. Kh1 Qb6 13. Rb1 Bd7 14. Be3 Qc7 15. Qe1 Nc4 16. Bxc4 Qxc4 17. Qe2 Rac8 18. Qf3 e5 19. Nb3 b5 20. a3 Qc7 21. Bg5 Bc6 22. Qg3 Nh5 23. Qg4 Bxg5 24. Qxg5 Nf6 25. Rbe1 a5 26. Rf3 h6 27. Qh4 b4 28. Rg3 Kh8 29. Ree3 Qd8 30. axb4 axb4 31. Na2 Rb8 32. Rh3 Nh7 33. Qxd8 Rfxd8 34. Rhg3 Nf6 35. Nd2 Ra8 36. Nc1 Ra1 37. Re1 Nxe4 38. Nxe4 Bxe4 39. Rb3 Rc8 40. Nd3 Rxe1+ 41. Nxe1 Bxc2 42. Nxc2 Rxc2 43. Kg1 Rc4 44. Rd3 Rc1+ 45. Kf2 Rc2+ 46. Kg3 Rxb2 47. Rxd6 Rc2 48. Rb6 Rc4 49. Rb5 f6 50. Kh3 h5 51. g3 Kh7 52. Kg2 h4 53. Rb7 Kh6 54. Kh3 hxg3 55. hxg3 Kg5 56. Rxg7+ Kxf5 57. g4+ Ke6 58. g5 fxg5 59. Rxg5 b3 60. Rg1 b2 61. Rb1 Rb4 62. Kg3 Kd5 63. Kf2 Kc4 0-1

[Event "Kalyan op 2nd"]
[Site "Kalyan"]
[Date "2019.01.31"]
[Round "5"]
[White "Saranya, Y."]
[Black "Joshi, Nikhil"]
[Result "1-0"]
[WhiteElo "1961"]
[BlackElo "1577"]
[PlyCount "79"]
[EventDate "2019.01.29"]
[EventType "swiss"]
[EventRounds "10"]
[EventCountry "IND"]
[SourceTitle "CBM 188 Extra"]
[Source "ChessBase"]
[SourceDate "2019.02.26"]
[SourceVersion "1"]
[SourceVersionDate "2019.02.26"]
[SourceQuality "1"]

1. e4 c6 2. Nc3 d5 3. Nf3 dxe4 4. Nxe4 Bg4 5. Bc4 e6 6. h3 Bxf3 7. Qxf3 Nd7 8. Qe2 Be7 9. 0-0 Ngf6 10. Rd1 Nxe4 11. Qxe4 0-0 12. d4 Bf6 13. Bf4 Nb6 14. Bb3 g6 15. Be5 Qe7 16. a4 a5 17. c3 Nd5 18. c4 Nb4 19. Bf4 Rfd8 20. Be3 Rd7 21. Rd2 Rad8 22. Rad1 Bg7 23. f4 Qf6 24. Qf3 Qe7 25. g4 Kh8 26. Kh1 Kg8 27. Bf2 Kh8 28. Qe4 Kg8 29. h4 f5 30. gxf5 exf5 31. Qxe7 Rxe7 32. d5 Red7 33. Bb6 Re8 34. d6 Bh6 35. c5+ Nd5 36. Rxd5 cxd5 37. Rxd5 Kf8 38. Bc4 Re4 39. Bb5 Ke8 40. Re5+ 1-0